000 00712nam a22002537a 4500
005 20170124110013.0
010 _a201356
020 _c00.00
035 _a201356
037 _bCen Lib/Ret
040 _aDPL
_bEN
082 _a351
_bPFI
100 _aPfiffner, John M.
_918189
245 _aPublic administration
_cby John M.Pfiffner [and] Robert V. Presthus
250 _a4th ed.
260 _aNew York
_bRonald Press
_c1960
270 _aNew York
_bNew York
300 _a570p.
_c20cm(Hb)
500 _aIncludes index
650 _aPolitical Science
_9101909
650 _aPersonal Administration
_918191
700 _aPresthus, Robert V.
_9101910
942 _2ddc
_cEN
_h351
_mPFI
999 _c126688
_d126688